| 000 | 00444cam a2200169ua 4500 | ||
|---|---|---|---|
| 020 | _a0-07-045417-5 | ||
| 041 |
_aeng _h |
||
| 082 |
_a028.7366 _bPAR/MC |
||
| 100 | _aParker, Sybil P . | ||
| 245 | 0 | 0 |
_aMcGraw-Hill dictionary of chemical terms / _cSybil P Parker. _hTextual Documents |
| 250 |
_a1 / _b. |
||
| 260 |
_aNew York : _bMcGraw Hill Book Company , _c1984. |
||
| 300 | _a470 ; . | ||
| 504 | _a | ||
| 942 | _cBK | ||
| 999 |
_c9007 _d9007 |
||